ՀՀ Գիտությունների ազգային ակադեմիայի հիմնարար գիտական գրադարան  =   Fundamental Scientific Library of NAS RA

Գարեգին Նժդեհ : (Record no. 212260)

MARC details
000 -LEADER
fixed length control field 01067nam a2200265 u 4500
001 - CONTROL NUMBER
control field 000621404
003 - CONTROL NUMBER IDENTIFIER
control field AM-YeHGA
005 - DATE AND TIME OF LATEST TRANSACTION
control field 20250618073129.0
008 - FIXED-LENGTH DATA ELEMENTS--GENERAL INFORMATION
fixed length control field 081219s2008 ai r 000 0 arm d
020 ## - INTERNATIONAL STANDARD BOOK NUMBER
Canceled/invalid ISBN 978-99930-1-112-5
040 ## - CATALOGING SOURCE
Original cataloging agency AM-YeHGA
041 0# - LANGUAGE CODE
Language code of text/sound track or separate title arm
090 ## - LOCALLY ASSIGNED LC-TYPE CALL NUMBER (OCLC); LOCAL CALL NUMBER (RLIN)
-- 213773
100 1# - MAIN ENTRY--PERSONAL NAME
Personal name Համբարձումյան, Ռաֆայել Հայրիկի,
Dates associated with a name 1948-
245 10 - TITLE STATEMENT
Title Գարեգին Նժդեհ :
Remainder of title (Համառօտ վարք, ասոյթներ և կենսատարեգրութիւն) /
Statement of responsibility, etc. Ռ. Համձումեան; Խմբ.՝ Ս. Սեդրակեան.
250 ## - EDITION STATEMENT
Edition statement 3-րդ հրատ.
260 ## - PUBLICATION, DISTRIBUTION, ETC.
Place of publication, distribution, etc. Երեւան :
Name of publisher, distributor, etc. Ամարաս,
Date of publication, distribution, etc. 2008.
300 ## - PHYSICAL DESCRIPTION
Extent 210 Էջ :
Other physical details լուսանկ. ;
Dimensions 20 սմ.
500 ## - GENERAL NOTE
General note Ծանոթագր., էջ՝ 201-210
504 ## - BIBLIOGRAPHY, ETC. NOTE
Bibliography, etc. note Կենսատարեգրութիւն Գ. Նժդեհի, էջ՝ 178-200
600 14 - SUBJECT ADDED ENTRY--PERSONAL NAME
Personal name Նժդեհ, Գարեգին,
Dates associated with a name 1886-1955
9 (RLIN) 1005
650 14 - SUBJECT ADDED ENTRY--TOPICAL TERM
Topical term or geographic name entry element Հայոց պատմություն
653 0# - INDEX TERM--UNCONTROLLED
Uncontrolled term Հայոց պատմության նշանավոր գործիչներ
653 0# - INDEX TERM--UNCONTROLLED
Uncontrolled term Հայ հերոսներ
Holdings
Withdrawn status Lost status Damaged status Not for loan Collection Home library Current library Date acquired Cost, normal purchase price Shelving control number Total checkouts Full call number Barcode Date last seen Price effective from Koha item type Public note
        General Fundamental Scientific Library Fundamental Scientific Library 29/12/2016 1500.00     AII/93881 FL0084842 29/12/2016 29/12/2016 Գրքեր / Books 30 Days Loan


ՀՀ ԳԱԱ հիմնարար գիտական գրադարան
ՀՀ,Երևան 0019
Մարշալ Բաղրամյան 24/6
հեռախոս:(374-10) 52-47-50
Հետադարձ կապ

All site content, except where otherwise noted, is licensed under a
Creative Commons License